000 00229nam a2200109Ia 4500
005 20251222141846.0
008 251222s9999||||xx |||||||||||||| ||spa||
082 _a255.5/C25
100 _aAnĂ³nimo
245 0 _aCantos
942 _cLIB
999 _c7565
_d7565